000 00457nam a22001697a 4500
003 UA-OsUOA
001 6442
007 ta
008 20040429b un ||||| |||| 00| 0 ukr d
942 _cSA
040 _aUA-OsUOA
_cUA-OsUOA
_dUA-OsUOA
245 _aНовели Галини Христан
300 _aС.4
955 _a0
773 0 _w0
_tЛітературна Украіна
_dКиїв
_d2004
_g№16
650 7 _aХудожня література
_2UDC
999 _c292603
_d292603